Design of concrete structures / (Record no. 554013)
[ view plain ]
| 000 -LEADER | |
|---|---|
| fixed length control field | 00811cam a2200217 i 4500 |
| 020 ## - INTERNATIONAL STANDARD BOOK NUMBER | |
| International Standard Book Number | 9780073397948 (alk. paper) |
| 082 00 - DEWEY DECIMAL CLASSIFICATION NUMBER | |
| Classification number | 624.1834 |
| Author Mark | NIL |
| -- | M-38, P-122 |
| 100 1# - MAIN ENTRY--PERSONAL NAME | |
| Personal name | Darwin, David. |
| 9 (RLIN) | 20246 |
| 245 10 - TITLE STATEMENT | |
| Title | Design of concrete structures / |
| Statement of responsibility, etc. | David Darwin, Charles W. Dolan, Arthur H. Nilson. |
| 250 ## - EDITION STATEMENT | |
| Edition statement | Fifteenth edition. |
| 260 ## - PUBLICATION, DISTRIBUTION, ETC. | |
| Place of publication, distribution, etc. | New Delhi: |
| Name of publisher, distributor, etc. | McGrawHill education. |
| Date of publication, distribution, etc. | 2016. |
| 300 ## - PHYSICAL DESCRIPTION | |
| Extent | xiv, 786 pages : |
| Other physical details | illustrations ; |
| Dimensions | 27 cm |
| 500 ## - GENERAL NOTE | |
| General note | Primary author of previous edition: Arthur H. Nilson. |
| 526 ## - STUDY PROGRAM INFORMATION NOTE | |
| Program name | 0 |
| Interest level | 0 |
| Reading level | 0 |
| Title point value | 624_183400000000000_NIL |
| 526 ## - STUDY PROGRAM INFORMATION NOTE | |
| Program name | 0 |
| Interest level | 0 |
| Reading level | 0 |
| Title point value | 624_183400000000000_NIL |
| 650 #0 - SUBJECT ADDED ENTRY--TOPICAL TERM | |
| Topical term or geographic name entry element | Prestressed concrete construction. |
| 9 (RLIN) | 20245 |
| 650 #0 - SUBJECT ADDED ENTRY--TOPICAL TERM | |
| Topical term or geographic name entry element | Reinforced concrete construction. |
| 700 1# - ADDED ENTRY--PERSONAL NAME | |
| Personal name | Dolan, Charles W. |
| 9 (RLIN) | 43311 |
| 700 1# - ADDED ENTRY--PERSONAL NAME | |
| Personal name | Nilson, Arthur H. |
| 9 (RLIN) | 20244 |
| 942 ## - ADDED ENTRY ELEMENTS (KOHA) | |
| Source of classification or shelving scheme | |
| Koha item type | Book |
| Withdrawn status | Lost status | Source of classification or shelving scheme | Damaged status | Not for loan | Permanent Location | Current Location | Date acquired | Total Checkouts | Total Renewals | Full call number | Barcode | Date last seen | Date last checked out | Price effective from | Koha item type |
|---|---|---|---|---|---|---|---|---|---|---|---|---|---|---|---|
| Military College of Engineering (MCE) | Military College of Engineering (MCE) | 01/02/2018 | 6 | 6 | 624.1834 NIL | MCE-50547 | 01/07/2021 | 01/07/2021 | 01/02/2018 | Book | |||||
| Military College of Engineering (MCE) | Military College of Engineering (MCE) | 01/02/2018 | 1 | 624.1834 NIL | MCE-50548 | 10/04/2018 | 10/04/2018 | 01/02/2018 | Book |
